Sports Quiz

Random Sports or Baseball Quiz

MLB Stadium Game Quiz Stats

 Plays Quiz Updated Mar 1, 2019

Score 0/30 Timer 06:00
16 Plays Today
% Correct
Yankee Stadium
96%
Dodger Stadium
89.9%
Wrigley Field
84.2%
Angel Stadium of Anaheim
83.8%
Fenway Park
83.6%
Oriole Park at Camden Yards
82.3%
Coors Field
82.2%
Busch Stadium
78.8%
Tropicana Field
73.4%
SunTrust Park
70.8%
Rogers Centre
70.5%
Citi Field
69.6%
T-Mobile Park
68.3%
Miller Park
68.2%
Comerica Park
67.7%
% Correct
Target Field
67.5%
Kauffman Stadium
67.4%
PNC Park
67.3%
Great American Ball Park
67.2%
Nationals Park
66.9%
Petco Park
64.9%
Oakland Coliseum
64.3%
Minute Maid Park
63.1%
Citizens Bank Park
62.4%
Oracle Park
62.1%
Globe Life Park in Arlington
60.4%
Marlins Park
60.3%
Chase Field
58%
Guaranteed Rate Field
57.7%
Progressive Field
56.4%

You're not logged in!

Compare scores with friends on all Sporcle quizzes.
OR
Log In

Show Comments

Extras

Top Quizzes Today


Score Distribution

Your Account Isn't Verified!

In order to create a playlist on Sporcle, you need to verify the email address you used during registration. Go to your Sporcle Settings to finish the process.

Report this User

Report this user for behavior that violates our Community Guidelines.

Details: